00906nam a22002057a 4500003000400000005001700004008003600021040002500057082001000082100003500092245002500127246011400152260003500266300002200301500019200323710005100515942001400566952010300580999001700683OSt20210628225112.0201102b 1993 00| 0 eng d aDO-SdBNPbspacBNPHU bM671h 4Mir, Pedro, d1913-200097709800aHomenaje a Pedro Mir00aHomenaje que le rinde la Universidad Autónoma de Santo Domingo al poeta Pedro Mir al cumplir sus 80 años  aSanto Domingo : bUASD,c1993. a20 p. ; c22 cm.  aLa Universidad Autónoma de Santo Domingo celebra los ochenta años del Poeta Nacional Pedro Mir Valentín: el consejo Universitario declara el día de hoy, de jubilo universitario.  aUniversidad Autónoma de Santo Domingo976692 2ddccLBS1 00102ddc708MOaBNPHUbPDcCTd2020-11-02eManuel Ortiz l0oM671hr2020-11-02w2020-11-02yLBS1 c49012d49012